|
|
|
|
| LEADER |
00000naa a2200000uu 4500 |
| 001 |
vtls011066946 |
| 003 |
SK-MaSNL |
| 005 |
20260302134705.0 |
| 008 |
210908|2011 xo |||||||||||||||||eng| |
| 015 |
|
|
|a SNBRA
|
| 035 |
|
|
|a (urnnbn)urn:nbn:sk:snk:ar-a0c7bz
|
| 035 |
|
|
|a (uuid)8ad931e8-93e9-44ea-91ee-12bebb805e35
|
| 035 |
|
|
|a urn:nbn:sk:snk-aavdqc
|
| 040 |
|
|
|a SNKBUCL
|b slo
|c SNKBUCL
|e AACR2
|
| 041 |
0 |
|
|a eng
|
| 044 |
|
|
|a xo
|c SK
|
| 100 |
1 |
|
|a Stasiak-Betlejewska, Renata
|4 aut
|9 545478
|
| 245 |
1 |
0 |
|a NEW SOLUTIONS IN WOODWORKING PRODUCTION MACHINES
|c Renata STASIAK-BETLEJEWSKA, Stanisław BORKOWSKI
|
| 700 |
1 |
|
|a Borkowski, Stanislaw
|4 aut
|9 331691
|
| 773 |
0 |
|
|t Kvalita a spoľahlivosť technických systémov
|d V Nitre : Slovenská poľnohospodárska univerzita, 2011
|g S. 71-75
|z 9788055205953
|
| 958 |
|
|
|a OND
|
| 958 |
|
|
|a article12
|
| 958 |
|
|
|a chapter
|
| 999 |
|
|
|c 1323322
|d 1325252
|